000 00394nam a2200145Ia 4500
008 220204s9999 xx 000 0 und d
082 _a631.4
_bBAG
245 0 _aModern approaches and innovations in soil management
260 _aMeerut
_bRastogi
_c1999
650 _aAgroforestry systems
650 _aEarthworm management
650 _aVermiculture
700 _aBagyaraj, D J
942 _cBK
999 _c41660
_d41660